| 000 | 00981nam a22003257a 4500 | ||
|---|---|---|---|
| 001 | 6268 | ||
| 003 | FISKH | ||
| 005 | 20250707111438.0 | ||
| 008 | 250407b cb ||||| |||| 00| 0 eng d | ||
| 020 | _a9780064442442 | ||
| 040 |
_aDLC _cDLC _dDLC _beng |
||
| 050 | _aPZ7.H672 D | ||
| 082 | _a813.69 | ||
| 100 | 1 |
_aHoff, Syd, _d(1912-2004) |
|
| 245 | 1 | 0 |
_aDanny and the dinosaur go to camp / _cstory and pictures by Syd Hoff. |
| 250 | _aThis edition first published in 1996 | ||
| 260 |
_aNew York : _bHarperCollins, _c1996. |
||
| 300 |
_a32 pages : _bcolor illustrations ; _c23 cm. |
||
| 440 | 3 | _aAn I can read book | |
| 505 | _aJ | ||
| 520 | _aDanny and his friend the dinosaur go to summer camp together. | ||
| 521 | 8 |
_a440
_bLexile |
|
| 521 | 8 |
_aJ
_bRaz-Plus |
|
| 650 | 1 |
_aDinosaurs _xFiction. |
|
| 650 | 1 |
_aCamps _xFiction. |
|
| 700 |
_aHoff, Syd _dillustrator |
||
| 906 |
_a7 _bcbc _corignew _d1 _eocip _f19 _gy-gencatlg |
||
| 942 |
_2ddc _cBK _n0 |
||
| 999 |
_c6268 _d6268 |
||